000 00651nam a22001457a 4500
020 _a978-0-141-32490-6
082 _a823
_bKIN/D
100 _aKINNEY, JEFF
245 _aDIARY OF A WIMPY KID
260 _aENGLAND
_bPUFFIN BOOKS
_c2007
300 _a217
520 _aIt's a new school year, and Greg Heffley finds himself thrust into middle school, where undersized weaklings share the hallways with kids who are taller, meaner, and already shaving. The hazards of growing up before you're ready are uniquely revealed through words and drawings as Greg records them in his diary.
650 _aYOUNG ADULT COMEDY FICTION
_zUNITED KINGDOM
942 _cBK
999 _c6169
_d6169